000 00376nam a2200133 i 4500
001 bg
100 1 _aHOLZER, Siegfried M.
245 0 _aComputer analysis of structures :
_bmatris structural analysis structured programming /
_cSiegfried M.Holzer.
260 _aNew York,
_c1985.
040 _cBPK
041 _apol
942 _cKS
008 s pl f |000 0 pol
999 _c28912
_d28912
856 _uhttp://koha.tu.koszalin.pl/cgi-bin/koha/opac-detail.pl?biblionumber=28912
_yKatalog online BPK